Legal case news (Record no. 83686)

MARC details
000 -LEADER
fixed length control field 01392cab a22002055a 4500
001 - CONTROL NUMBER
control field L154627
008 - FIXED-LENGTH DATA ELEMENTS--GENERAL INFORMATION
fixed length control field 120106e20111125xxk 000 0 eng d
035 ## - SYSTEM CONTROL NUMBER
System control number (Sirsi) u154627
041 0# - LANGUAGE CODE
Language code of text/sound track or separate title eng
100 1# - MAIN ENTRY--PERSONAL NAME
Personal name Ross, Jonathan
245 00 - TITLE STATEMENT
Title Legal case news
Remainder of title how to get ahead in advertising, Stadium CapitalHoldings (No 2) v St Marylebone Property Company
260 ## - PUBLICATION, DISTRIBUTION, ETC.
Date of publication, distribution, etc. 2011
490 #0 - SERIES STATEMENT
Series statement Property Week
Volume/sequential designation 77(47) 25 November 2011, 65(1)
520 ## - SUMMARY, ETC.
Summary, etc. "Stadium Capital Holdings (No 2) v St Marylebone Property Company" [2011] EWHC 2856 (Ch), 8 November 2011 concerns how damages for trespass should be calculated in relation to an advertising hoarding erected over an adjoining owner's airspace. Claimant S owned a cleared development site. Defendant M owned the adjoining building with an advertising hoarding on its flank wall. Permission for the hoarding which projected into the adjoining airspace was terminated by M in 2005 but the hoarding stood until October 2008. S sought to recoup from M advertising revenue damages earned over that period. "Held": neither party proved the case for receipt of all the revenue so the court awarded S 50% of the revenue following normal market practice.
590 ## - LOCAL NOTE (RLIN)
Local note KA
650 24 - SUBJECT ADDED ENTRY--TOPICAL TERM
Topical term or geographic name entry element STADIUM CAPITAL HOLDINGS (NO 2) V ST MARYLEBONE PROPERTY COMPANY
651 #4 - SUBJECT ADDED ENTRY--GEOGRAPHIC NAME
Geographic name England and Wales
Chronological subdivision 1543-
690 ## - LOCAL SUBJECT ADDED ENTRY--TOPICAL TERM (OCLC, RLIN)
Topical term or geographic name as entry element PROPERTY-COMMERCIAL PROPERTY
942 ## - ADDED ENTRY ELEMENTS (KOHA)
Suppress in OPAC 0
Holdings
Withdrawn status Lost status Source of classification or shelving scheme Damaged status Not for loan Home library Current library Shelving location Date acquired Total Checkouts Full call number Barcode Date last seen Copy number Price effective from Koha item type
    Dewey Decimal Classification     London London Journal article 06/01/2012   L154627 154627-1001 06/08/2019 1 06/08/2019 Journal article